Białe plamy w Schulzologii

Titel: Białe plamy w Schulzologii / pod. red. Małgorzaty Kitowskiej-Łysiak
Beteiligt:
Veröffentlicht: Lublin : Wydawn. KUL, 2010
Umfang: 275 Seiten : Illustrationen
Format: Buch
Sprache: Polnisch
RVK-Notation:
Schlagworte:
ISBN: 9788377020180
Buchumschlag
X
alg: 22615799
001A    $00030:18-08-10 
001B    $01999:19-02-25 $t07:58:53.000 
001D    $00030:18-08-10 
001U    $0utf8 
001X    $00 
002@    $0Aau 
002C    $aText $btxt $2rdacontent 
002D    $aohne Hilfsmittel zu benutzen $bn $2rdamedia 
002E    $aBand $bnc $2rdacarrier 
003@    $0226157997 
003O    $0657707327 $aOCoLC 
004A    $A978-83-7702-018-0 
007A    $0226157997 $aHEB 
007G    $0DE0067AA902597E4351E4C125778C003ED320 
007T    $0Herdhh226157997 
009P    $qapplication/pdf $A2 $3Inhaltsverzeichnis $uhttp://scans.hebis.de/HEBCGI/show.pl?22615799_toc.pdf $mV:DE-603;B:DE-30 
010@    $apol 
011@    $a2010 
013D    $#Beiträge Formschlagwort $#Einzelbeiträge $#Sammelwerk Formschlagwort $74143413-4 $8Aufsatzsammlung [Ts1] $9085562742 
021A    $aBiałe plamy w Schulzologii $hpod. red. Małgorzaty Kitowskiej-Łysiak 
028C    $#Łysiak, Małgorzata Kitowska- $D20231015 $Ecgwrk $71093886943 $8Kitowska-Łysiak, Małgorzata$Z1953-2012 [Tp1] $9377564265 
033A    $pLublin $nWydawn. KUL 
034D    $a275 Seiten 
034M    $aIllustrationen 
044K    $#Schulz, Bruno $#Shults, Bruno $#Šulʹc, Bruno $#Šulc, Bruno $#Šûlṣ, Brûnô $#บรูโน ชูลซ์ $7118762427 $8Schulz, Bruno$Z1892-1942 [Tp1] $9087103109 
045Z    $8NY 9000 [Tkv] $9410953628 

lok: 22615799 3
101B    $009-09-10 $t14:59:32.000 
101C    $018-08-10 
101U    $0utf8 
144Z/20 $aj10sep 
145S/06 $a770 
145Z/01 $a900 Ad 0100 Schulz, B. 
145Z/02 $a900 Ma 0163 Schulz, B. 

exp: 22615799 3 1 #EPN
201B/01 $018-08-10 $t14:01:08.000 
201C/01 $018-08-10 
201U/01 $0utf8 
203@/01 $059754865X 
208@/01 $a18-08-10 $bzAa 
209A/01 $a89.250.19 $du $f000 $h89 250 19 $x00 
209G/01 $a89250196 $x00 
247C/01 $8601000-3 <30>Frankfurt, Universitätsbibliothek J. C. Senckenberg, Zentralbibliothek (ZB) $9102598258 

lok: 22615799 24

exp: 22615799 24 1 #EPN
201B/01 $001-12-10 $t11:09:12.000 
201C/01 $001-12-10 
201U/01 $0utf8 
203@/01 $0603022189 
208@/01 $a01-12-10 $ba 
209A/01 $azur Erwerbung bestellt $f050 $x00 
220C/01 $ajwa 
247C/01 $8358050-7 Marburg, Bibliothek des Herder-Instituts Marburg $9102600961 

lok: 22615799 66

exp: 22615799 66 1 #EPN
201B/01 $018-03-11 $t13:21:24.000 
201C/01 $018-03-11 
201U/01 $0utf8 
203@/01 $0609869256 
208@/01 $a18-03-11 $bz 
209A/01 $aD 3 Sch/K-3 $du $f000 $x00 
209C/01 $a11/c242KUL 
247C/01 $8618123-5 Darmstadt, Bibliothek des Deutschen Polen-Instituts $9102600902 

lok: 22615799 78

exp: 22615799 78 1 #EPN
201B/01 $012-12-17 $t11:24:30.000 
201U/01 $0utf8 
203@/01 $0793666767 
208@/01 $a12-11-16 $be 
209A/01 $a/ $f000 $x00 
220C/01 $aAnmerkung: *ng 
244Z/01 $2Trx $#Poola $#Lenkija $#Polija $#Polen Land $#Poland $#Lengyelország $#Poľsko $#Polsko $8--Trx--Polska$gkraj $x01 $9391345966 
244Z/01 $#Schulz, Bruno $#Shults, Bruno $#Šulʹc, Bruno $#Šulc, Bruno $#Šûlṣ, Brûnô $#บรูโน ชูลซ์ $7118762427 $8--Tp1--Schulz, Bruno$Z1892-1942 $x02 $9087103109 
244Z/01 $2Trx $#dzieło zbiorowe $8--Trx--Sammelwerk $x03 $9391384597 
247C/01 $82080>Marburg/Lahn, Herder-Institut, Forschungsbibliothek, Bibliographieportal $9336309341
LEADER 00000cam a2200000 c 4500
001 226157997
003 DE-603
005 20250219075853.0
007 tu
008 100818s2010 xx |||| | u00||u|pol c
020 |a 9788377020180 
035 |a (DE-599)HEB226157997 
035 |a (OCoLC)657707327 
040 |a DE-603  |b ger  |c DE-603  |d DE-603 
041 |a pol 
084 |a NY 9000  |0 (DE-625)132375:  |0 (DE-603)410953628  |2 rvk 
245 0 0 |a Białe plamy w Schulzologii  |c pod. red. Małgorzaty Kitowskiej-Łysiak 
264 1 |a Lublin  |b Wydawn. KUL  |c 2010 
300 |a 275 Seiten  |b Illustrationen 
336 |a Text  |b txt  |2 rdacontent 
337 |a ohne Hilfsmittel zu benutzen  |b n  |2 rdamedia 
338 |a Band  |b nc  |2 rdacarrier 
600 1 7 |a Schulz, Bruno  |d 1892-1942  |0 (DE-588)118762427  |0 (DE-603)087103109  |2 gnd 
655 7 |a Aufsatzsammlung  |2 gnd-content  |0 (DE-588)4143413-4  |0 (DE-603)085562742 
700 1 |a Kitowska-Łysiak, Małgorzata  |d 1953-2012  |0 (DE-603)377564265  |0 (DE-588)1093886943  |2 gnd 
856 4 2 |m V:DE-603;B:DE-30  |q application/pdf  |u http://scans.hebis.de/HEBCGI/show.pl?22615799_toc.pdf  |3 Inhaltsverzeichnis 
924 0 |9 30  |a (DE-603)59754865X  |b DE-30  |c HES  |d c  |g 89.250.19 
924 0 |9 Mb 50  |a (DE-603)603022189  |b DE-Mb50  |c HES  |d c  |g zur Erwerbung bestellt 
924 0 |9 Ds 123  |a (DE-603)609869256  |b DE-Ds123  |c HES  |d d  |g D 3 Sch/K-3 
924 0 |9 2080  |a (DE-603)793666767  |b DE-2080  |c HES  |d d  |g /